000 00659nam a2200265Ia 4500
003 OSt
005 20221006155458.0
006 a|||||r|||| 00| 0
007 ta
008 221006b |||||||| |||| 00| 0 chi d
020 _cYu 9.90
024 _a42,098
037 _bGift,
_cTextual
040 _aEASL
_cEASL
_bchi
041 _2chi
_achi
082 _aP41, N7
100 _aZhao Yuanren
_9669392
245 0 _aYuyan Wenti
260 _aBeijing
_bShangwuyinshuguan China
_c1997
300 _a232p.
_ccm.
490 _v CL
650 _aCL
_9642733
942 _hP41, N7
_cTEXL
_2CC
999 _c1110184
_d1110184